MARC

LEADER 00000nas a2200000 a 4500
001 ssj0006666
003 WaSeSS
005 20200512172242.0
006 m d
007 cr n
008 860925d19861997scuar s 1 a0eng c
010 |a sn 86026190  
016 7 |a 011096757  |2 Uk 
022 |a 0896-7911  |l 0896-7911 
035 |a (WaSeSS)ssj0006666 
040 |a GZQ  |b eng  |c GZQ  |d IUL  |d NST  |d HUL  |d NST  |d NSD  |d NST  |d WAU  |d IUL  |d DLC  |d NLGGC  |d LVB  |d OCLCQ  |d UKMGB  |d OCLCF  |d DLC  |d RDF  |d OCL  |d OCLCO  |d DLC  |d ZYU  |d SOI  |d OCLCQ  |d WaSeSS 
042 |a pcc  |a nsdp 
050 4 |a HD29  |b .A26 
082 1 0 |a 658  |2 11 
110 2 |a Academy of Management. 
210 0 |a Best pap. proc. - Acad. Manage. 
222 0 |a Best papers proceedings - Academy of Management 
245 1 0 |a Best papers proceedings  |h [electronic resource] /  |c Academy of Management. 
246 1 4 |a Academy of Management best papers proceedings 
260 |a [Columbia, S.C.] :  |b Academy of Management,  |c 1986- 
310 |a Annual 
362 0 |a 1986- 
362 1 |a Ceased with 57th annual meeting in 1997. 
506 |a License restrictions may limit access. 
580 |a Ceased in paper format only; continued on CD-ROM. 
650 0 |a Industrial management  |v Congresses. 
650 0 |a Business  |v Congresses. 
650 1 7 |a Management.  |2 gtt 
650 6 |a Gestion d'entreprise  |v Congrès. 
650 7 |a Business.  |2 fast  |0 (OCoLC)fst00842262 
650 7 |a Industrial management.  |2 fast  |0 (OCoLC)fst00971246 
655 0 |a Electronic journals. 
776 0 8 |i Microfilm version:  |a Academy of Management.  |t Best papers proceedings  |x 0896-7911  |w (OCoLC)712643741 
780 0 0 |a Academy of Management.  |t Proceedings - Academy of Management  |x 0065-0668  |w (DLC)a 40002886  |w (OCoLC)927101 
785 0 0 |a Academy of Management.  |t Proceedings and membership directory  |x 1543-8643  |w (DLC) 00242130  |w (OCoLC)40273055 
850 |a AAP  |a AU  |a ArU  |a C  |a CU  |a CU-I  |a CU-Riv  |a CaAEU  |a CaNSHD  |a CaOLU  |a CaOONL  |a CaSSU  |a CoFS  |a CoU  |a DeU  |a FU  |a GASU  |a ICarbS  |a IaAS  |a IaU  |a InLP  |a InU  |a KMK  |a MCM  |a MChB  |a MH-BA  |a MdBJ  |a MdU  |a MiDW  |a MiEM  |a MnU  |a MoKU  |a MoSU  |a MoU  |a NNC  |a NRU  |a NcU  |a NcWsW  |a NjP  |a NjR  |a NmU  |a OCU  |a OU  |a OrCS  |a OrU  |a P  |a PPiC  |a PU-W  |a TU  |a TxCM  |a ViBlbV  |a ViU  |a WaU  |a WyU 
856 4 0 |z Full text available from Research Library: 01/01/1997 to 01/31/1997  |u https://search.proquest.com/publication/21455